| 000 | 00481cam a2200193ua 4500 | ||
|---|---|---|---|
| 001 | 8144 | ||
| 008 | 150109n ii |||gr||||Z||||||hin | ||
| 040 | _cMAIN | ||
| 041 | _ahin | ||
| 082 | _a891.433 | ||
| 100 |
_aUpadhyaya, V. N., _eAuthor. |
||
| 245 | 1 |
_aDusra bhutnath _cBy Vishwambhar Nath Upadhyaya |
|
| 250 | _a1st. | ||
| 260 |
_aNew Delhi: _bRajpal, _c1985. |
||
| 300 | _a348p. | ||
| 653 | _aEast Indo-European & Celtic literatures | ||
| 653 | _aHindi novels | ||
| 942 | _cBK | ||
| 999 |
_c7259 _d7259 |
||